000 00460nam a2200181Ia 4500
005 20250603145116.0
008 250603s9999 xx 000 0 und d
020 _a9789785701050
050 _aHF 5616.N6 .I57/
100 _aInstitute of Chartered Accountants of Nigeria
245 0 _aICAN: financial reporting
260 _aBerkshire
260 _bEmile Woolf International
260 _c2019
300 _a740 p
650 _aBerkshire
942 _cBK
999 _c40898
_d40898